1771 1952 1681 1061 1558 1239 1365 1077 1971 1333 1026 1796 1087 1486 1245 1412 1533 1545 1629 1583 1394 1643 1557 1741 1630 1075 1519 1008 1839 1516 1659 1101 1291 1404 1252 1106 1810 1406 1470 1895 1219 1756 1842 1344 1258 1765 1788 1108 1512 1998 1500 1411 1853 1677 1964 1422 1541 1921 1943 1062 1126 1117 1694 1993 1739 1972 1094 1548 1199 1270 1796 1345 1872 1720 1532 1014 1610 1572 1359 1510 1555 1336 1864 1597 1109 1225 1560 1242 1838 1245 1744 1026 1393 1658 1163 1849 1649 1367 1069 BCNSPRNW ULIB Ver.6.0+V

เปลี่ยนเป็นภาษาไทย

Change to English
 แสดงรายละเอียดบรรณานุกรม
  กลับหน้าหลัก

Brief Record : Get Marc (ISO 2709) : E-mail record : QR code < ปิดหน้าต่าง
LEADER : 00000nam 2200000uu 4500
001    13399125979
003     ULIB
008    020711s2560 th a 000 0 tha d
050    ^aLA1221^bก318ป
110    ^aกลุ่มพัฒนาการศึกษา สถาบันพระบรมราชชนก
245    ^aประกาศและระเบียบที่เกี่ยวข้องกับการจัดการศึกษาสถาบันพระบรมราชชนก
260    ^aนนทบุรี :^bสถาบันพระบรมราชชนก,^c2560
300    ^a54 หน้า;^c26 ซม.
650    ^aการศึกษา
945    ^p0^l0^i003410
999    ^aประนอม เกษจรัล
รายการนี้ยังไม่มีแท็ก
คุณยังไม่ได้ล็อกอิน คุณสามารถมีกิจกรรมร่วมกับเว็บไซต์ได้ แต่ต้องล็อกอินก่อน ::
  ล็อกอิน

รายการสื่อสารสนเทศ

ลำดับที่ ประเภท เลขเรียก/บาร์โค้ด สถานที่ สถานะ
1. การศึกษาทั่วไป
การศึกษาทั่วไป
LA1221 ก318ป ฉ.1 
  Barcode: 003410
ห้องสมุดวิทยาเขตสวรรค์ประชารักษ์
►หนังสือทั่วไป
บนชั้น

รายการใกล้เคียง
    หัวเรื่อง [การศึกษา]

BibComment


ยังไม่เคยถูกคอมเมนท์

คอมเมนท์ทรัพยากรรายการนี้
  คอมเมนท์: ประกาศและระเบียบ..


 Copyright 2026. Bcnsprnw @Library